Wertpapier - Investmentfonds

Saved in:
Bibliographic Details
Main Author: Laux, Manfred
Other Authors: Päsler, Rüdiger
Format: Book
Language:German
Published: Frankfurt am Main Knapp 1992
Edition:1. Aufl.
Subjects:
Tags: Add Tag
No Tags, Be the first to tag this record!

MARC

LEADER 00000nam a2200000 4500
001 c005016
005 20221221080503.8
020 |a 3-7819-1168-3 
041 0 |a ger 
044 |a DE 
245 1 0 |a Wertpapier - Investmentfonds  |c Manfred Laux, Rüdiger Päsler 
250 |a 1. Aufl. 
264 1 |a Frankfurt am Main  |b Knapp  |c 1992 
300 |a 195 s. 
610 2 0 |a papiere cenné 
610 2 0 |a spoločnosti akciové 
610 2 0 |a právo obchodné 
610 2 0 |a investori 
610 2 0 |a fondy investičné 
100 1 |a Laux, Manfred 
700 1 |a Päsler, Rüdiger